000 00315nam a2200133 i 4500
001 bg
100 1 _aSTERN, H. H.
245 0 _aFundamental concepts of language teaching /
_cH.H. Stern.
260 _aOxford,
_c1990.
040 _cBPK
041 _apol
942 _cKS
008 s pl f |000 0 pol
999 _c29324
_d29324
856 _uhttp://koha.tu.koszalin.pl/cgi-bin/koha/opac-detail.pl?biblionumber=29324
_yKatalog online BPK